| 000 | 01799cam a2200361 a 4500 | ||
|---|---|---|---|
| 001 | 15961769 | ||
| 003 | OSt | ||
| 005 | 20180227093216.0 | ||
| 008 | 091027s2010 miu b 001 0 eng | ||
| 010 | _a 2009045339 | ||
| 015 |
_aGBB046821 _2bnb |
||
| 016 | 7 |
_a015522994 _2Uk |
|
| 020 | _a9781587432392 (pbk.) | ||
| 020 | _a1587432390 (pbk.) | ||
| 035 | _a(OCoLC)ocn424557899 | ||
| 040 |
_aDLC _cDLC _dBTCTA _dEMT _dC#P _dBWX _dCDX _dYDXCP _dUKM _dDLC |
||
| 050 | 0 | 0 |
_aBS580.A3 _bL63 2010 |
| 082 | 0 | 0 |
_a220.6 _222 |
| 100 | 1 |
_aLodahl, Michael E., _d1955- |
|
| 245 | 1 | 0 |
_aClaiming Abraham : _breading the Bible and the Qur'an side by side / _cMichael Lodahl. |
| 260 |
_aGrand Rapids, Mich. : _bBrazos Press, _cc2010. |
||
| 300 |
_ax, 227 p. ; _c23 cm. |
||
| 504 | _aIncludes bibliographical references and indexes. | ||
| 505 | 0 | _aOpening: Arguing over Abraham -- Arguing over Abraham arguing with God -- People of the Torah, people of the Gospel -- The creative Word of God: be! -- The revealing of the Word of God -- Adam: what does it mean to be human? -- Cain and Abel: the commanding Word of God -- Knowing Noah--or not -- The sign of Sinai -- Mary, mother of Jesus -- Jesus, son of Mary -- Adonai, Allah, and the Triune God -- Apocalypse when? -- Reopening: Conversation continues. | |
| 600 | 0 | 0 |
_aAbraham _c(Biblical patriarch) |
| 600 | 0 | 0 |
_aAbraham _c(Biblical patriarch) _xIn the Qurʼan. |
| 630 | 0 | 0 |
_aBible. _pGenesis _xCriticism, interpretation, etc. |
| 630 | 0 | 0 |
_aBible. _pGenesis _xIslamic interpretations. |
| 630 | 0 | 0 |
_aQurʼan _xRelation to the Bible. |
| 906 |
_a7 _bcbc _corignew _d1 _eecip _f20 _gy-gencatlg |
||
| 942 |
_2lcc _cBK |
||
| 999 |
_c52352 _d52352 |
||